000 002610000a22000970004500
100 1 _aGonzáles Faus, José Ignacio
245 1 0 _aTestigo del amor, muerto por odio al amor
300 _avol.299, nim.299 (2003), Páginas 67-74
773 0 _tConcilium
942 _cANA
999 _c49909
_d49909